[Event "HUN-ch Rapid"]
[Site "Ajka"]
[Date "2021.07.17"]
[Round "5"]
[White "Tomosvary, Attila"]
[Black "Bagi, Mate"]
[Result "0-1"]
[WhiteElo "2120"]
[BlackElo "2481"]
[PlyCount "62"]
[EventDate "2021.07.16"]
[EventType "swiss (rapid)"]
[EventRounds "13"]
[EventCountry "HUN"]
[SourceTitle "CBM 203 Extra"]
[Source "ChessBase"]
[SourceDate "2021.09.30"]
[SourceVersion "1"]
[SourceVersionDate "2021.09.30"]
[SourceQuality "1"]

1. e4 e5 2. Nf3 Nc6 3. d4 exd4 4. Bc4 Nf6 5. e5 d5 6. Bb5 Nd7 7. 0-0 Be7 8. Bxc6 bxc6 9. Nxd4 Nb8 10. f4 c5 11. Ne2 f5 12. Ng3 0-0 13. Nd2 Be6 14. Nf3 Nc6 15. Re1 Rb8 16. b3 d4 17. Bd2 c4 18. bxc4 Bxc4 19. a3 Qd5 20. c3 d3 21. Be3 Qd7 22. Qd2 Rb3 23. Reb1 Rfb8 24. Rxb3 Rxb3 25. Nd4 Nxd4 26. Bxd4 c5 27. Be3 Be6 28. a4 c4 29. Bd4 Qb7 30. Qe1 Rb2 31. Qf1 Bd5 0-1

[Event "HUN-chT2 Breyer 1718"]
[Site "Hungary"]
[Date "2017.12.03"]
[Round "5.3"]
[White "Tomosvary, Attila"]
[Black "Albrecht, Gabor"]
[Result "1/2-1/2"]
[WhiteElo "2092"]
[BlackElo "2081"]
[PlyCount "64"]
[EventDate "2017.09.24"]
[EventType "team-tourn"]
[EventRounds "11"]
[EventCountry "HUN"]
[SourceTitle "EXT 2021"]
[Source "ChessBase"]
[SourceDate "2020.10.23"]
[SourceVersion "1"]
[SourceVersionDate "2020.10.23"]
[SourceQuality "1"]
[WhiteTeam "Vizugy"]
[BlackTeam "Szekesfehervar"]
[WhiteTeamCountry "HUN"]
[BlackTeamCountry "HUN"]

1. e4 c5 2. Nc3 e6 3. f4 Nc6 4. Nf3 d5 5. Bb5 d4 6. Bxc6+ bxc6 7. Ne2 Nf6 8. d3 Be7 9. 0-0 0-0 10. Ne5 Qc7 11. Ng3 Rd8 12. Nh5 g6 13. Nxf6+ Bxf6 14. Ng4 Bg7 15. e5 Qe7 16. Qe1 Rb8 17. b3 c4 18. bxc4 Bb7 19. Rb1 Ba8 20. Rxb8 Rxb8 21. Qa5 c5 22. Nf2 Rb1 23. Ne4 Bxe4 24. dxe4 h5 25. Qa6 Qc7 26. Ba3 Qb8 27. Qa4 Bf8 28. Bc1 Qb7 29. Qa3 Qxe4 30. Qd3 Qxd3 31. cxd3 Ra1 32. a3 Be7 1/2-1/2

[Event "HUN-chT2 Breyer 1516"]
[Site "Hungary"]
[Date "2016.02.28"]
[Round "8.3"]
[White "Demeter, Tamas"]
[Black "Tomosvary, Attila"]
[Result "1-0"]
[WhiteElo "2074"]
[BlackElo "2134"]
[PlyCount "85"]
[EventDate "2015.09.13"]
[EventType "team-tourn"]
[EventRounds "11"]
[EventCountry "HUN"]
[SourceTitle "EXT 2017"]
[Source "ChessBase"]
[SourceDate "2016.10.25"]
[SourceVersion "1"]
[SourceVersionDate "2016.10.25"]
[SourceQuality "1"]
[WhiteTeam "Gyor UDSE"]
[BlackTeam "Vizugy"]
[WhiteTeamCountry "HUN"]
[BlackTeamCountry "HUN"]

1. c4 g6 2. d4 Bg7 3. Nc3 c5 4. dxc5 Na6 5. e4 Nxc5 6. Qc2 d6 7. Bd3 Nf6 8. Nge2 0-0 9. 0-0 Ng4 10. Nf4 a5 11. Be2 Ne5 12. Be3 b6 13. Rad1 Bb7 14. f3 Rc8 15. b3 Nc6 16. Nb5 Ba6 17. Qd2 Nb4 18. Bd4 Bh6 19. Be3 Nc6 20. Nd5 Bxe3+ 21. Qxe3 e5 22. Ndc3 Bxb5 23. Nxb5 Ne6 24. Nxd6 Ncd4 25. Nxc8 Qxc8 26. g3 Qc5 27. Kh1 Qa3 28. Rd2 a4 29. Bd1 Nc5 30. f4 axb3 31. Bxb3 Nc6 32. Rfd1 Kg7 33. Rd6 Rc8 34. fxe5 Ne6 35. Qxb6 Nxe5 36. Rxe6 fxe6 37. Qxe6 Rc5 38. Qe7+ Kh6 39. Qh4+ Kg7 40. Qe7+ Kh6 41. Qf8+ Kh5 42. Rd5 Rxd5 43. Qxa3 1-0

[Event "HUN-chT2 Breyer 1516"]
[Site "Hungary"]
[Date "2015.10.04"]
[Round "2.2"]
[White "Tomosvary, Attila"]
[Black "Berek, Geza"]
[Result "0-1"]
[WhiteElo "2134"]
[BlackElo "2158"]
[PlyCount "124"]
[EventDate "2015.09.13"]
[EventType "team-tourn"]
[EventRounds "11"]
[EventCountry "HUN"]
[SourceTitle "CBM 170 Extra"]
[Source "ChessBase"]
[SourceDate "2016.02.25"]
[SourceVersion "1"]
[SourceVersionDate "2016.02.25"]
[SourceQuality "1"]
[WhiteTeam "Vizugy"]
[BlackTeam "Nyergesujfalu"]
[WhiteTeamCountry "HUN"]
[BlackTeamCountry "HUN"]

1. e4 g6 2. d4 Bg7 3. Nc3 d6 4. h3 a6 5. Nf3 b5 6. a4 b4 7. Nd5 Bb7 8. Bc4 e6 9. Nxb4 a5 10. Nd3 Bxe4 11. c3 Nf6 12. 0-0 0-0 13. Re1 Bd5 14. Bxd5 Nxd5 15. c4 Nb4 16. Nxb4 axb4 17. Be3 Nc6 18. Qc2 e5 19. Rad1 exd4 20. Nxd4 Nxd4 21. Bxd4 Bxd4 22. Rxd4 Qf6 23. Rd3 Qf5 24. b3 Rfe8 25. Rxe8+ Rxe8 26. Qd2 h5 27. Rf3 Qc5 28. Qf4 Re1+ 29. Kh2 Qe5 30. Qxe5 dxe5 31. Re3 Rb1 32. Kg3 f5 33. Kf3 Kf7 34. Rxe5 Rxb3+ 35. Kf4 Kf6 36. h4 Rd3 37. Rc5 b3 38. Rc6+ Rd6 39. Rxc7 Rb6 40. a5 Rb8 41. Rc6+ Ke7 42. a6 b2 43. a7 b1Q 44. axb8Q Qxb8+ 45. Kg5 Qa8 46. Rxg6 Qxg2+ 47. Kxf5 Qf3+ 48. Kg5 Qg4+ 49. Kh6 Qxh4 50. Rg5 Kf6 51. Rb5 Qg4 52. Rb6+ Ke7 53. Rb7+ Kd6 54. Rb6+ Kc7 55. Rg6 Qxg6+ 56. Kxg6 h4 57. f4 h3 58. f5 h2 59. f6 h1Q 60. Kg7 Qg1+ 61. Kf8 Kd7 62. f7 Qg6 0-1

[Event "HUN-chT2 Erkel 1415"]
[Site "Hungary"]
[Date "2014.12.14"]
[Round "6.3"]
[White "Fordan, Tibor"]
[Black "Tomosvary, Attila"]
[Result "1-0"]
[WhiteElo "2199"]
[BlackElo "2128"]
[PlyCount "85"]
[EventDate "2014.09.28"]
[EventType "team-tourn"]
[EventRounds "9"]
[EventCountry "HUN"]
[SourceTitle "EXT 2016"]
[Source "ChessBase"]
[SourceDate "2015.10.08"]
[SourceVersion "1"]
[SourceVersionDate "2015.10.08"]
[SourceQuality "1"]
[WhiteTeam "BEAC"]
[BlackTeam "Vizugy"]
[WhiteTeamCountry "HUN"]
[BlackTeamCountry "HUN"]

1. d4 g6 2. c4 Bg7 3. Nc3 c5 4. Nf3 cxd4 5. Nxd4 Nc6 6. e3 Nf6 7. Be2 0-0 8. 0-0 d6 9. b3 Nxd4 10. exd4 d5 11. c5 Ne4 12. Bb2 Nxc3 13. Bxc3 b6 14. b4 bxc5 15. bxc5 Qc7 16. Qd2 Rb8 17. Rfe1 Bd7 18. a4 Bc6 19. a5 Bb5 20. a6 Bxe2 21. Rxe2 e6 22. Ree1 Rb5 23. Rab1 Rfb8 24. Rxb5 Rxb5 25. g3 Qc6 26. Qd3 Bf8 27. Bd2 h5 28. Bf4 Bg7 29. Rc1 Kh7 30. h4 f6 31. g4 hxg4 32. h5 f5 33. hxg6+ Kxg6 34. Re1 Rb4 35. Be5 Bh6 36. Bd6 Qd7 37. Qg3 Rxd4 38. c6 Qc8 39. c7 Rc4 40. Qb3 Qxa6 41. Rxe6+ Kh5 42. Rxh6+ Kxh6 43. Qe3+ 1-0

[Event "HUN-chT2 Erkel 1112"]
[Site "Hungary"]
[Date "2012.02.19"]
[Round "6.9"]
[White "Pammer Zagroczky, Gabor"]
[Black "Tomosvary, Attila"]
[Result "1/2-1/2"]
[WhiteElo "1928"]
[BlackElo "2120"]
[PlyCount "56"]
[EventDate "2011.09.25"]
[EventType "team-tourn"]
[EventRounds "11"]
[EventCountry "HUN"]
[SourceTitle "EXT 2013"]
[Source "ChessBase"]
[SourceDate "2012.11.22"]
[SourceVersion "1"]
[SourceVersionDate "2012.11.22"]
[SourceQuality "1"]
[WhiteTeam "Sarkany"]
[BlackTeam "Vizugy"]
[WhiteTeamCountry "HUN"]
[BlackTeamCountry "HUN"]

1. Nf3 d5 2. c4 e6 3. g3 Nf6 4. Bg2 Be7 5. 0-0 Nc6 6. d4 0-0 7. Nc3 dxc4 8. e4 a6 9. Bg5 Rb8 10. d5 exd5 11. exd5 Nb4 12. Ne5 Nbxd5 13. Nxd5 Nxd5 14. Bxd5 Bxg5 15. Qf3 Bf6 16. Rad1 Qe7 17. Nxf7 Be6 18. Nh6+ Kh8 19. Rfe1 Bxd5 20. Qxd5 c6 21. Qxc4 Qc7 22. Nf5 Rbd8 23. Nd4 Qa5 24. b4 Qb6 25. Ne6 Rxd1 26. Rxd1 Re8 27. Nc5 Qc7 28. Ne4 Qe5 1/2-1/2

[Event "Budapest-chT1 Lilienthal 1112"]
[Site "Budapest"]
[Date "2012.02.05"]
[Round "7"]
[White "Prorok, Marton"]
[Black "Tomosvary, Attila"]
[Result "0-1"]
[WhiteElo "2236"]
[BlackElo "2120"]
[PlyCount "94"]
[EventDate "2011.10.02"]
[EventType "team-tourn"]
[EventRounds "11"]
[EventCountry "HUN"]
[SourceTitle "EXT 2020"]
[Source "ChessBase"]
[SourceDate "2019.10.17"]
[SourceVersion "1"]
[SourceVersionDate "2019.10.17"]
[SourceQuality "1"]
[WhiteTeam "Fabulon"]
[BlackTeam "Vizugy II"]
[WhiteTeamCountry "HUN"]
[BlackTeamCountry "HUN"]

1. e4 c5 2. Nf3 g6 3. d4 cxd4 4. Bc4 Nc6 5. Nxd4 Nf6 6. Nc3 d6 7. Bg5 Bg7 8. Qd2 Nxe4 9. Nxe4 Nxd4 10. Bd3 h6 11. Be3 Nf5 12. c3 Nxe3 13. Qxe3 0-0 14. 0-0 d5 15. Nc5 e5 16. Rad1 Qc7 17. Be2 d4 18. cxd4 exd4 19. Qa3 b6 20. Nb3 Rd8 21. Bf3 Rb8 22. Rfe1 Be6 23. Rc1 Qf4 24. Re4 Qg5 25. h4 Qf6 26. Rd1 Bd5 27. Rexd4 Bxf3 28. Rxd8+ Rxd8 29. Rxd8+ Qxd8 30. gxf3 Qd7 31. Kg2 a5 32. Nc1 Qd4 33. Ne2 Qxb2 34. Qxb2 Bxb2 35. a4 Kf8 36. f4 Ke7 37. f5 Kd6 38. fxg6 fxg6 39. Nf4 g5 40. Nd3 Bf6 41. hxg5 hxg5 42. Kf3 Kd5 43. Kg4 Kc4 44. Kf5 Bd4 45. Ke4 g4 46. Ne5+ Bxe5 47. Kxe5 b5 0-1

[Event "Budapest-chT1 Lilienthal 1112"]
[Site "Budapest"]
[Date "2011.12.11"]
[Round "5"]
[White "Grimm, Daniel"]
[Black "Tomosvary, Attila"]
[Result "1/2-1/2"]
[WhiteElo "2054"]
[BlackElo "2120"]
[PlyCount "37"]
[EventDate "2011.10.02"]
[EventType "team-tourn"]
[EventRounds "11"]
[EventCountry "HUN"]
[SourceTitle "EXT 2020"]
[Source "ChessBase"]
[SourceDate "2019.10.17"]
[SourceVersion "1"]
[SourceVersionDate "2019.10.17"]
[SourceQuality "1"]
[WhiteTeam "Barcza GSC"]
[BlackTeam "Vizugy II"]
[WhiteTeamCountry "HUN"]
[BlackTeamCountry "HUN"]

1. e4 c5 2. Nf3 g6 3. d4 cxd4 4. Nxd4 Nc6 5. c4 Nf6 6. Nc3 d6 7. Be2 Nxd4 8. Qxd4 Bg7 9. Be3 0-0 10. Qd2 Qa5 11. f3 Be6 12. Rc1 Rfc8 13. Nd5 Qxd2+ 14. Kxd2 Nxd5 15. cxd5 Bd7 16. b3 a6 17. Rc4 b5 18. Rxc8+ Rxc8 19. Rc1 1/2-1/2

[Event "HUN-chT2 Erkel 1112"]
[Site "Hungary"]
[Date "2011.10.30"]
[Round "2.7"]
[White "Somogyi, Gabor"]
[Black "Tomosvary, Attila"]
[Result "1/2-1/2"]
[WhiteElo "2003"]
[BlackElo "2120"]
[PlyCount "29"]
[EventDate "2011.09.25"]
[EventType "team-tourn"]
[EventRounds "11"]
[EventCountry "HUN"]
[SourceTitle "EXT 2013"]
[Source "ChessBase"]
[SourceDate "2012.11.22"]
[SourceVersion "1"]
[SourceVersionDate "2012.11.22"]
[SourceQuality "1"]
[WhiteTeam "Dunaharaszti"]
[BlackTeam "Vizugy"]
[WhiteTeamCountry "HUN"]
[BlackTeamCountry "HUN"]

1. e4 g6 2. d4 Bg7 3. c4 c5 4. d5 d6 5. Nc3 Nf6 6. Be2 Na6 7. Be3 0-0 8. h3 Nc7 9. Nf3 e5 10. dxe6 Nxe6 11. Qd3 Nh5 12. 0-0 Nhf4 13. Qd2 Nxe2+ 14. Nxe2 Qb6 15. Rab1 1/2-1/2

[Event "HUN-chT2 Breyer 1011"]
[Site "Hungary"]
[Date "2011.05.01"]
[Round "10.6"]
[White "Banhazi, Istvan"]
[Black "Tomosvary, Attila"]
[Result "0-1"]
[WhiteElo "2109"]
[BlackElo "2116"]
[PlyCount "110"]
[EventDate "2010.09.12"]
[EventType "team-tourn"]
[EventRounds "11"]
[EventCountry "HUN"]
[SourceTitle "EXT 2012"]
[Source "ChessBase"]
[SourceDate "2011.11.24"]
[SourceVersion "1"]
[SourceVersionDate "2011.11.24"]
[SourceQuality "1"]
[WhiteTeam "MAFC"]
[BlackTeam "Vizugy"]
[WhiteTeamCountry "HUN"]
[BlackTeamCountry "HUN"]

1. d4 g6 2. c4 Bg7 3. Nc3 c5 4. d5 d6 5. e4 Nf6 6. h3 Na6 7. Nf3 Nc7 8. Be2 0-0 9. 0-0 e6 10. dxe6 Nxe6 11. Be3 a6 12. Qd2 Qc7 13. Rfd1 Rd8 14. Ng5 Rb8 15. Rab1 b6 16. Nxe6 Bxe6 17. Bf4 Ne8 18. Nd5 Qa7 19. Bg5 f6 20. Bh4 Qf7 21. b3 Bxd5 22. exd5 Nc7 23. Re1 Re8 24. Bg3 Qd7 25. Qf4 Re5 26. Qg4 f5 27. Qg5 f4 28. Qxf4 Rbe8 29. Kf1 Qe7 30. Qd2 Qf7 31. Bf3 Qf5 32. Bg4 Rxe1+ 33. Rxe1 Rxe1+ 34. Qxe1 Qf6 35. Kg1 Kf7 36. Qe4 Qa1+ 37. Kh2 Be5 38. f4 Bf6 39. Be6+ Kg7 40. Bd7 Qd4 41. Qe2 Kf7 42. h4 h5 43. Qf3 Ke7 44. Bh3 Qa1 45. f5 Bd4 46. Qe2+ Kf6 47. Bxd6 Bg1+ 48. Kg3 Qc3+ 49. Qf3 Qe1+ 50. Kf4 Qxh4+ 51. Bg4 g5+ 52. Ke4 hxg4 53. Qc3+ Bd4 54. Qg3 Ne8 55. Be5+ Kf7 0-1